00427nam a2200169 a 450000100060000000300090000600800410001502000150005604000280007108200090009910000160010824500300012426000450015430000110019949000150021065000320022518103CO-ViMGA141112s2004 ck r 000 u spa d a8420445479 aCO-ViMGAbspacCO-ViMGA04aDAHb1 aDahl, Roald10aBoy (Relatos de infancia) aMadríd (España), cAlfaguara, c2002 a190.p. aserie roja14aCUENTOS INFANTILES INGLESES